[Event "Rakovnik Regional-chT 1415"]
[Site "Rakovnik"]
[Date "2014.12.07"]
[Round "4.6"]
[White "Sindelar, Pavel"]
[Black "Dlouhy, Ondrej"]
[Result "0-1"]
[WhiteElo "1961"]
[BlackElo "1980"]
[PlyCount "75"]
[EventDate "2014.10.19"]
[EventType "team-tourn"]
[EventRounds "11"]
[EventCountry "CZE"]
[SourceTitle "EXT 2016"]
[Source "ChessBase"]
[SourceDate "2015.10.08"]
[SourceVersion "1"]
[SourceVersionDate "2015.10.08"]
[SourceQuality "1"]
[WhiteTeam "Kostelec nad CL"]
[BlackTeam "Nymburk Sokol"]
[WhiteTeamCountry "CZE"]
[BlackTeamCountry "CZE"]

1. d4 Nf6 2. c4 g6 3. Nc3 Bg7 4. e4 d6 5. Nf3 0-0 6. h3 e5 7. Bg5 exd4 8. Nxd4 Be6 9. Be2 Nc6 10. Nxe6 fxe6 11. Qd2 Qe8 12. 0-0 Nd7 13. Be3 Nb6 14. Rae1 Rd8 15. b3 e5 16. Bd1 Nd7 17. Nb5 Rc8 18. Bxa7 Nf6 19. Be3 Qf7 20. Nc3 Ra8 21. a4 Na5 22. Bg5 Nh5 23. Qd5 Nf4 24. Qxf7+ Rxf7 25. Nd5 Ne6 26. Be3 Nc6 27. Re2 Ncd4 28. Rb2 Nc5 29. Rb1 Nxe4 30. Bxd4 exd4 31. Rb2 c6 32. Nb6 Raf8 33. Bf3 Nc5 34. b4 Nd3 35. Rbb1 Nf4 36. Rbd1 Nxh3+ 37. Kh2 Ng5 38. Bg4 0-1

[Event "Rakovnik Regional-chT 1415"]
[Site "Rakovnik"]
[Date "2014.11.09"]
[Round "2.6"]
[White "Sindelar, Pavel"]
[Black "Hadzala, Daniel"]
[Result "0-1"]
[WhiteElo "1961"]
[BlackElo "2102"]
[PlyCount "72"]
[EventDate "2014.10.19"]
[EventType "team-tourn"]
[EventRounds "11"]
[EventCountry "CZE"]
[SourceTitle "EXT 2016"]
[Source "ChessBase"]
[SourceDate "2015.10.08"]
[SourceVersion "1"]
[SourceVersionDate "2015.10.08"]
[SourceQuality "1"]
[WhiteTeam "Kostelec nad CL"]
[BlackTeam "Neratovice II"]
[WhiteTeamCountry "CZE"]
[BlackTeamCountry "CZE"]

1. c4 Nf6 2. Nc3 d6 3. g3 g6 4. Bg2 Bg7 5. b3 0-0 6. Bb2 Nbd7 7. e3 e5 8. Nge2 Re8 9. Qc2 c6 10. 0-0 Qc7 11. Rac1 Nc5 12. b4 Ne6 13. b5 Nc5 14. d3 Bf5 15. e4 Bg4 16. bxc6 bxc6 17. h3 Bd7 18. Rb1 Qa5 19. Bc1 Nh5 20. Bd2 Qc7 21. Rb2 Rab8 22. Rfb1 Rxb2 23. Rxb2 Rb8 24. Nc1 Rxb2 25. Qxb2 f5 26. Be3 Ne6 27. Qa3 f4 28. Bxa7 fxg3 29. fxg3 Nxg3 30. Bf2 Nh5 31. N1e2 Nef4 32. Nxf4 Nxf4 33. c5 Bf8 34. Qb3+ Be6 35. Qb6 Qe7 36. Qxc6 Qg5 0-1

[Event "Klatovy op-A"]
[Site "Klatovy"]
[Date "2002.??.??"]
[Round "?"]
[White "Umanec, Filip"]
[Black "Sindelar, Pavel"]
[Result "0-1"]
[WhiteElo "1910"]
[BlackElo "2010"]
[PlyCount "62"]
[EventDate "2002.??.??"]
[EventType "swiss"]
[EventRounds "9"]
[EventCountry "CZE"]
[SourceTitle "EXT 2005"]
[Source "ChessBase"]
[SourceDate "2004.11.15"]
[SourceVersion "1"]
[SourceVersionDate "2004.11.15"]
[SourceQuality "1"]

1. e4 c6 2. Nc3 d5 3. Nf3 d4 4. Ne2 c5 5. Ng3 Nc6 6. Bc4 Nf6 7. d3 Bg4 8. h3 Bxf3 9. Qxf3 Ne5 10. Bb5+ Nfd7 11. Qh5 Qa5+ 12. Bd2 Qxb5 13. f4 Nxd3+ 14. cxd3 Qxd3 15. Qh4 e6 16. f5 Be7 17. Qf4 e5 18. Qf3 Qxf3 19. gxf3 Bh4 20. Rg1 g5 21. Ke2 Bxg3 22. Rxg3 f6 23. h4 h6 24. Kd3 Rc8 25. Kc2 Ke7 26. Rd1 Kd6 27. Rh3 Rhg8 28. hxg5 hxg5 29. Rh6 Rh8 30. Rdh1 Rxh6 31. Rxh6 Rg8 0-1

[Event "Klatovy op-A"]
[Site "Klatovy"]
[Date "2001.??.??"]
[Round "?"]
[White "Bayer, Radek"]
[Black "Sindelar, Pavel"]
[Result "1/2-1/2"]
[WhiteElo "2125"]
[BlackElo "1945"]
[PlyCount "59"]
[EventDate "2001.07.??"]
[EventType "swiss"]
[EventRounds "9"]
[EventCountry "CZE"]
[SourceTitle "EXT 2006"]
[Source "ChessBase"]
[SourceDate "2005.11.24"]
[SourceVersion "1"]
[SourceVersionDate "2005.11.24"]
[SourceQuality "1"]

1. e4 c6 2. d4 d5 3. e5 Bf5 4. g4 Bg6 5. Nc3 e6 6. Nge2 Ne7 7. Be3 Nd7 8. Qd2 c5 9. f4 cxd4 10. Nxd4 Nc6 11. 0-0-0 Nxd4 12. Bxd4 Bb4 13. Kb1 Be4 14. Bg2 Bxg2 15. Qxg2 a6 16. f5 Rc8 17. fxe6 fxe6 18. Rhf1 Bxc3 19. Bxc3 Rc4 20. g5 Nf8 21. Rd3 Ng6 22. Rff3 Nh4 23. h3 Nxf3 24. Rxf3 Qe7 25. g6 Rh4 26. Qg3 Rf8 27. Rxf8+ Kxf8 28. a3 Kg8 29. Bb4 Qd8 30. Ba5 1/2-1/2

[Event "Klatovy op-A"]
[Site "Klatovy"]
[Date "2001.??.??"]
[Round "?"]
[White "Novotny, Josef"]
[Black "Sindelar, Pavel"]
[Result "1/2-1/2"]
[WhiteElo "2055"]
[BlackElo "1945"]
[PlyCount "80"]
[EventDate "2001.07.??"]
[EventType "swiss"]
[EventRounds "9"]
[EventCountry "CZE"]
[SourceTitle "EXT 2006"]
[Source "ChessBase"]
[SourceDate "2005.11.24"]
[SourceVersion "1"]
[SourceVersionDate "2005.11.24"]
[SourceQuality "1"]

1. e4 c6 2. c4 d5 3. exd5 cxd5 4. cxd5 Nf6 5. Qa4+ Bd7 6. Qb3 Qb6 7. Qxb6 axb6 8. Nc3 Na6 9. Bxa6 Rxa6 10. Nge2 b5 11. b4 g6 12. d4 Bg7 13. 0-0 0-0 14. Bb2 Rc8 15. Rfe1 Rc4 16. a3 Kf8 17. Rad1 Bh6 18. Ng3 Rd6 19. Nf1 Nxd5 20. Nxd5 Rxd5 21. Ne3 Bxe3 22. fxe3 Rc2 23. Bc1 Rh5 24. Rd2 Rc4 25. Bb2 Bc6 26. e4 Bd7 27. Rf2 Ke8 28. Ref1 f6 29. e5 f5 30. d5 Rhh4 31. Re1 Rhe4 32. Rfe2 Rxe2 33. Rxe2 e6 34. dxe6 Bxe6 35. Rd2 Rc6 36. Kf2 Bb3 37. Ke3 Rc2 38. Rxc2 Bxc2 39. Kd4 Be4 40. g3 Ke7 1/2-1/2

[Event "Klatovy op-A"]
[Site "Klatovy"]
[Date "2001.??.??"]
[Round "?"]
[White "Sindelar, Pavel"]
[Black "Houska, Jiri"]
[Result "1/2-1/2"]
[WhiteElo "1945"]
[BlackElo "2060"]
[PlyCount "51"]
[EventDate "2001.07.??"]
[EventType "swiss"]
[EventRounds "9"]
[EventCountry "CZE"]
[SourceTitle "EXT 2006"]
[Source "ChessBase"]
[SourceDate "2005.11.24"]
[SourceVersion "1"]
[SourceVersionDate "2005.11.24"]
[SourceQuality "1"]

1. c4 Nf6 2. Nc3 g6 3. Nf3 Bg7 4. d4 0-0 5. e4 d6 6. Be2 e5 7. Bg5 Nbd7 8. dxe5 dxe5 9. b4 c6 10. Qd2 a5 11. b5 Nc5 12. Qe3 Qe7 13. 0-0 Ne6 14. Bh4 Nf4 15. Na4 Bh6 16. Kh1 Kg7 17. Ng5 Ng4 18. Bxg4 Bxg4 19. Nf3 f6 20. Qc5 Qe6 21. Ng1 cxb5 22. Qxb5 Qc6 23. f3 Be6 24. Nc5 Qxb5 25. Nxe6+ Nxe6 26. cxb5 1/2-1/2

[Event "Klatovy op-A"]
[Site "Klatovy"]
[Date "2001.??.??"]
[Round "?"]
[White "Sindelar, Pavel"]
[Black "Kovar, Vojtech"]
[Result "0-1"]
[WhiteElo "1945"]
[BlackElo "2095"]
[PlyCount "58"]
[EventDate "2001.07.??"]
[EventType "swiss"]
[EventRounds "9"]
[EventCountry "CZE"]
[SourceTitle "EXT 2006"]
[Source "ChessBase"]
[SourceDate "2005.11.24"]
[SourceVersion "1"]
[SourceVersionDate "2005.11.24"]
[SourceQuality "1"]

1. c4 e5 2. Nc3 Nf6 3. g3 Bb4 4. Bg2 0-0 5. e3 Re8 6. Qc2 c6 7. Nge2 d5 8. a3 Bxc3 9. Qxc3 d4 10. Qb3 d3 11. Nc3 e4 12. Qd1 Bg4 13. Qb3 Nbd7 14. h3 Bf3 15. Bxf3 exf3 16. Qxb7 Ne5 17. Qa6 Nh5 18. c5 Nxg3 19. fxg3 f2+ 20. Kf1 Qf6 21. Ne4 Qf3 22. Nxf2 Re6 23. Qa4 Rf6 24. Qf4 Rxf4 25. gxf4 Ng6 26. b4 Nxf4 27. exf4 Re8 28. Bb2 Re2 29. Rh2 Rxf2+ 0-1